000 00463nam a22001457a 4500
005 20250829095808.0
008 250829b |||||||| |||| 00| 0 eng d
100 _aKIROKO WANGUI RACHAEL
245 _aAN IMPLEMENTATION FRAMEWORK FOR EFFECTIVE INFORMATION SECURITY CONTROL SYSTEMS IN TVETI IN NAIROBI COUNTY KENYA
260 _aKISII
_bKISII UNIVERSITY
_c2020
300 _aXV,103P.
500 _aINCLUDES AN INDEX
650 _aTVETI-KENYA
942 _2lcc
_cREF
999 _c216052
_d216052